MARC details
| 000 -LEADER |
| fixed length control field |
01047cam a2200313u 4500 |
| 001 - CONTROL NUMBER |
| control field |
5931949 |
| 003 - CONTROL NUMBER IDENTIFIER |
| control field |
BDDh-ASL |
| 005 - DATE AND TIME OF LATEST TRANSACTION |
| control field |
20231015030342.0 |
| 008 - FIXED-LENGTH DATA ELEMENTS--GENERAL INFORMATION |
| fixed length control field |
820521s18841898enk a 000 0 eng |
| 010 ## - LIBRARY OF CONGRESS CONTROL NUMBER |
| LC control number |
28018168 |
| 040 ## - CATALOGING SOURCE |
| Original cataloging agency |
DLC |
| Transcribing agency |
CarP |
| Modifying agency |
DLC |
| -- |
BDDh-ASL |
| 050 10 - LIBRARY OF CONGRESS CALL NUMBER |
| Classification number |
HQ31 |
| Item number |
.D83 1898 |
| 050 00 - LIBRARY OF CONGRESS CALL NUMBER |
| Classification number |
Microfilm 33885 HQ |
| 082 ## - DEWEY DECIMAL CLASSIFICATION NUMBER |
| Classification number |
301 |
| Item number |
ELE |
| 100 1# - MAIN ENTRY--PERSONAL NAME |
| Personal name |
[Drysdale, George R.] [from old catalog] |
| 245 04 - TITLE STATEMENT |
| Title |
The elements of social science : |
| Remainder of title |
Physical Sexual and Natural Religion / |
| Statement of responsibility, etc. |
by A Doctor of Medicine. |
| 250 ## - EDITION STATEMENT |
| Edition statement |
33d ed. |
| 260 ## - PUBLICATION, DISTRIBUTION, ETC. |
| Place of publication, distribution, etc. |
London: |
| Name of publisher, distributor, etc. |
E. Truelove [etc.] |
| Date of publication, distribution, etc. |
1898. |
| -- |
1984. |
| 300 ## - PHYSICAL DESCRIPTION |
| Extent |
604 p. : |
| Other physical details |
l., [vii]-ix p., 2 l., 277, 277*-277**, 278-568, 568*-568**, [569]-604 p. |
| Dimensions |
16 cm. |
| 650 #0 - SUBJECT ADDED ENTRY--TOPICAL TERM |
| Topical term or geographic name entry element |
Sexual health. |
| 650 #0 - SUBJECT ADDED ENTRY--TOPICAL TERM |
| Topical term or geographic name entry element |
Sexually transmitted diseases. |
| 650 #0 - SUBJECT ADDED ENTRY--TOPICAL TERM |
| Topical term or geographic name entry element |
Population. |
| 650 #0 - SUBJECT ADDED ENTRY--TOPICAL TERM |
| Topical term or geographic name entry element |
Natural theology. |
| 650 #0 - SUBJECT ADDED ENTRY--TOPICAL TERM |
| Topical term or geographic name entry element |
Birth control. |
| 650 #0 - SUBJECT ADDED ENTRY--TOPICAL TERM |
| Topical term or geographic name entry element |
Economics. |
| 700 1# - ADDED ENTRY--PERSONAL NAME |
| Personal name |
Malthus, T. R. |
| Fuller form of name |
(Thomas Robert), |
| Dates associated with a name |
1766-1834. |
| 906 ## - LOCAL DATA ELEMENT F, LDF (RLIN) |
| a |
0 |
| b |
cbc |
| c |
premunv |
| d |
u |
| e |
ncip |
| f |
19 |
| g |
y-gencatlg |
| 942 ## - ADDED ENTRY ELEMENTS (KOHA) |
| Source of classification or shelving scheme |
Dewey Decimal Classification |
| Koha item type |
Books |